Matematikai logika : (Peldatar)

Αποθηκεύτηκε σε:
Λεπτομέρειες βιβλιογραφικής εγγραφής
Κύριος συγγραφέας: Janos, Urban
Μορφή: Βιβλίο
Γλώσσα:Hungarian
Δημοσίευση: Budapest : Muszaki Konyvkiado, 1987.
Θέματα:
Ετικέτες: Προσθήκη ετικέτας
Δεν υπάρχουν, Καταχωρήστε ετικέτα πρώτοι!

MARC

LEADER 00000cam a2200000 a 4500
001 1/108739
008 150918s1987####hu | ||| |||| ||hun||
040 |a GR-MyUa  |b gre  |c GR-MyUa  |e AACR2 
041 0 |a hun 
082 7 |a 511.3   |2 (23) 
100 1 |a Janos, Urban. 
245 1 0 |a Matematikai logika :   |b (Peldatar) /   |c Urban Janos. 
260 |a Budapest :   |b Muszaki Konyvkiado,   |c 1987.  
300 |a 273 σ. :   |b πίν., σχέδια ;   |c 19 εκ.  
650 0 |a Logic, Symbolic and mathematical. 
852 |a INST  |b SAMOS  |c MAG  |e 20150918  |h 511.3 JAN  |p 005300035536  |q 005300035536  |t BK  |y 0 
970 |a Σιτζίμη  |b Γιασέμη  |z 18/09/2015